000 00298nam a22001337a 4500
008 170421b xxu||||| |||| 00| 0 eng d
020 _a9780495016175
041 _aeng
080 _26TH
_a573
100 _a11
101 _aSHM
245 _aBASIC CONCEPTS IN BIOLOGY
_cSTARR, C
942 _2udc
_cBK
999 _c11557
_d11557